000 01302cam a22003374a 4500
001 12686499
003 OSt
005 20180116183013.0
008 020222s2002 enka b 001 0 eng
010 _a 2002022061
020 _a184064480X
035 _a(DLC) 2002022061
035 _a(DLC)2459
040 _aDLC
_cDLC
_dDLC
042 _apcc
043 _an-us---
_ap------
_ae------
050 0 0 _aHD9696.2.U62
_bT773 2002
082 0 0 _a338.8871004094 TSA 2002
_221
100 1 _aTsang, Denise,
_d1965-
245 1 0 _aBusiness strategy and national culture :
_bUS and Asia Pacific microcomputer multinationals in Europe /
_cDenise Tsang.
260 _aCheltenham, UK ;
_aNorthampton, MA, USA :
_bEdward Elgar,
_cc2002.
300 _axiii, 251 p. :
_bill. ;
_c24 cm.
440 0 _aNew horizons in international business
504 _aIncludes bibliographical references (p. 223-239) and index.
650 0 _aComputer industry
_zUnited States.
650 0 _aComputer industry
_zPacific Area.
650 0 _aInternational business enterprises
_zEurope.
906 _a7
_bcbc
_corignew
_d1
_eocip
_f20
_gy-gencatlg
942 _2ddc
_cBK
999 _c350347
_d350347